[Event "Pescia op-A 5th"]
[Site "Pescia"]
[Date "2013.10.11"]
[Round "1"]
[White "Del Giudice, Stefano"]
[Black "Madiai, Federico"]
[Result "0-1"]
[WhiteElo "1909"]
[BlackElo "2237"]
[PlyCount "68"]
[EventDate "2013.10.11"]
[EventType "swiss"]
[EventRounds "5"]
[EventCountry "ITA"]
[SourceTitle "EXT 2015"]
[Source "ChessBase"]
[SourceDate "2014.11.20"]
[SourceVersion "1"]
[SourceVersionDate "2014.11.20"]
[SourceQuality "1"]

1. Nf3 e6 2. c4 d5 3. g3 Nf6 4. Bg2 Be7 5. 0-0 0-0 6. b3 a5 7. Bb2 a4 8. cxd5 exd5 9. a3 axb3 10. Qxb3 Nbd7 11. d4 Nb6 12. a4 Nc4 13. Bc3 Ne4 14. Nfd2 Nxc3 15. Qxc3 Na5 16. Nb3 Nc6 17. Nc5 Nxd4 18. Ra2 Ne6 19. Nxe6 Bxe6 20. Qd4 b5 21. Nc3 Bf6 22. Qc5 Bxc3 23. Qxc3 d4 24. Qb2 Ra7 25. Ra3 Qd6 26. a5 b4 27. Rd3 c5 28. Ra1 Rd8 29. e3 Bc4 30. Rd2 d3 31. Bf1 Bb5 32. a6 c4 33. Rdd1 Rxa6 34. Rxa6 Bxa6 0-1

[Event "Bratto op 33rd"]
[Site "Bratto"]
[Date "2013.08.18"]
[Round "2"]
[White "Janev, Evgeni"]
[Black "Madiai, Federico"]
[Result "1/2-1/2"]
[WhiteElo "2451"]
[BlackElo "2203"]
[PlyCount "47"]
[EventDate "2013.08.17"]
[EventType "swiss"]
[EventRounds "9"]
[EventCountry "ITA"]
[SourceTitle "CBM 156 Extra"]
[Source "ChessBase"]
[SourceDate "2013.10.22"]
[SourceVersion "1"]
[SourceVersionDate "2013.10.22"]
[SourceQuality "1"]

1. e4 e5 2. Nf3 Nc6 3. Bb5 a6 4. Ba4 Nf6 5. 0-0 b5 6. Bb3 Be7 7. Re1 0-0 8. h3 d6 9. c3 Na5 10. Bc2 d5 11. exd5 e4 12. Bxe4 Nxe4 13. Rxe4 Bb7 14. d4 Bxd5 15. Re1 Bd6 16. Nbd2 Re8 17. Rxe8+ Qxe8 18. Nf1 Bb7 19. b3 Rd8 20. Bd2 Nc6 21. c4 Qe4 22. Be3 Ba3 23. Ng3 Qg6 24. d5 1/2-1/2

[Event "Biella op 3rd"]
[Site "Biella"]
[Date "2012.09.30"]
[Round "4"]
[White "Madiai, Federico"]
[Black "Collutiis, Duilio"]
[Result "0-1"]
[WhiteElo "2211"]
[BlackElo "2477"]
[PlyCount "98"]
[EventDate "2012.09.28"]
[EventType "swiss"]
[EventRounds "9"]
[EventCountry "ITA"]
[SourceTitle "EXT 2013"]
[Source "ChessBase"]
[SourceDate "2012.11.22"]
[SourceVersion "1"]
[SourceVersionDate "2012.11.22"]
[SourceQuality "1"]

1. e4 c5 2. Nf3 e6 3. c3 Nf6 4. e5 Nd5 5. Bc4 Nb6 6. Bb3 d6 7. d4 cxd4 8. cxd4 dxe5 9. Nxe5 Nc6 10. Nxc6 bxc6 11. 0-0 Be7 12. Nc3 0-0 13. Qf3 Ba6 14. Rd1 Rc8 15. Ne4 Bc4 16. Bxc4 Nxc4 17. b3 Nb6 18. Bb2 Qd5 19. Qe2 Rfd8 20. g3 Qf5 21. Kg2 Nd5 22. Rac1 h5 23. Qf3 Qxf3+ 24. Kxf3 g5 25. Rc4 f5 26. Nc5 Kf7 27. Re1 g4+ 28. Kg2 Bxc5 29. dxc5 Nf6 30. Ra4 Rd7 31. Be5 Ne4 32. Bd6 e5 33. Bxe5 Nxc5 34. Ra5 Nd3 35. Re3 Re8 36. Bc3 c5 37. Rxe8 Kxe8 38. Bd2 Nxf2 39. Be3 Ne4 40. Bxc5 Rd2+ 41. Kg1 Ng5 42. Bxa7 Nf3+ 43. Kf1 Nxh2+ 44. Ke1 Nf3+ 45. Kf1 h4 46. Bf2 f4 47. Ra8+ Kd7 48. gxh4 g3 49. Ra7+ Kc8 0-1

[Event "Biella op 3rd"]
[Site "Biella"]
[Date "2012.09.29"]
[Round "2"]
[White "Madiai, Federico"]
[Black "Carfagna, Alex"]
[Result "1-0"]
[WhiteElo "2211"]
[BlackElo "1804"]
[PlyCount "119"]
[EventDate "2012.09.28"]
[EventType "swiss"]
[EventRounds "9"]
[EventCountry "ITA"]
[SourceTitle "EXT 2013"]
[Source "ChessBase"]
[SourceDate "2012.11.22"]
[SourceVersion "1"]
[SourceVersionDate "2012.11.22"]
[SourceQuality "1"]

1. e4 e5 2. Nf3 Nc6 3. Bb5 a6 4. Ba4 d6 5. c4 Rb8 6. Nc3 Bg4 7. h3 Bxf3 8. Qxf3 Nf6 9. d3 Nd7 10. Bxc6 bxc6 11. b3 Nc5 12. 0-0 Ne6 13. Ne2 g6 14. Bb2 Bg7 15. Rad1 c5 16. Qg4 0-0 17. f4 exf4 18. Bxg7 Kxg7 19. Nxf4 Nxf4 20. Qxf4 Qe7 21. Qd2 Qe5 22. Qa5 Rb6 23. Rf3 f6 24. Rdf1 Rf7 25. Kh1 Qe8 26. g4 h6 27. h4 Qe5 28. Kg2 Qb2+ 29. R1f2 Qe5 30. Rf4 Rf8 31. Kh3 Rf7 32. R4f3 Rf8 33. Kg2 Qe6 34. Rg3 Qe5 35. h5 g5 36. Rgf3 Rf7 37. Rf5 Qe8 38. Kh3 Qd7 39. Qc3 Qe7 40. Re2 Qd7 41. Rb2 Qd8 42. a3 Qb8 43. b4 cxb4 44. axb4 c5 45. Rbf2 Qf8 46. bxc5 dxc5 47. e5 Re6 48. exf6+ Rfxf6 49. d4 Qe7 50. R2f3 cxd4 51. Qxd4 Rd6 52. Qa1 Rde6 53. c5 Kf7 54. Qa2 Kg7 55. Qb2 Kf7 56. Qb3 Kg7 57. Qc3 Kf7 58. Qd3 Rxf5 59. Qxf5+ Rf6 60. Qg6+ 1-0